MARC

LEADER 00000nam0a2200000 4500
001 300706
005 20231102001328.0
020 |a RU  |b 83-4465 
035 |a (RuTPU)RU\TPU\book\325859 
090 |a 300706 
100 |a 20150715g1983 km y0rusy5003 ca 
101 0 |a rus 
102 |a RU 
105 |a a z 001zb 
200 1 |a Эйнштейновский сборник, 1978-1979  |f Академия наук СССР (АН СССР), Отделение ядерной физики ; сост. У. И. Франкфурт 
210 |a Москва  |c Наука  |d 1983 
215 |a 391 с.  |c ил. 
306 |a Изд. выходит с 1966 г. 
320 |a Библиогр.: с. 367-387 
600 1 |a Эйнштейн  |g Альберт  |b А.  |c немецкий физик-теоретик  |c Нобелевский лауреат  |f 1879-1955  |2 stltpush  |3 (RuTPU)RU\TPU\pers\817 
606 1 |a Относительности теория  |2 stltpush  |3 (RuTPU)RU\TPU\subj\47735  |9 66647 
610 1 |a физика теоретическая 
610 1 |a электромагнитные процессы 
610 1 |a время 
610 1 |a детерминизм 
610 1 |a термодинамика 
610 1 |a эфирный ветер 
610 1 |a квантовая гравитация 
675 |a 530.12  |z rus  |v 3 
702 1 |a Франкфурт  |b У. И.  |g Ушер Иойнович  |4 220 
712 0 2 |a Академия наук СССР (АН СССР)  |b Отделение ядерной физики  |c (Ленинград/Москва)  |c (1925-1991)  |2 stltpush  |3 (RuTPU)RU\TPU\col\722 
801 0 |a RU  |b RuMRKP  |c 19950704  |g psbo 
801 1 |a RU  |b 63413507  |c 20150715 
801 2 |a RU  |b 63413507  |c 20190207  |g RCR 
942 |c BK